Jainendra kī kahāniyām̐. (Record no. 73501)
[ view plain ]
| 000 -LEADER | |
|---|---|
| fixed length control field | 00511cam a22002051 4500 |
| 001 - CONTROL NUMBER | |
| control field | sa 67002886 |
| 003 - CONTROL NUMBER IDENTIFIER | |
| control field | DLC |
| 005 - DATE AND TIME OF LATEST TRANSACTION | |
| control field | 20260227112334.0 |
| 008 - FIXED-LENGTH DATA ELEMENTS--GENERAL INFORMATION | |
| fixed length control field | 890914m19591966ii 000 0 hino |
| 010 ## - LIBRARY OF CONGRESS CONTROL NUMBER | |
| LC control number | sa 67002886 |
| 035 ## - SYSTEM CONTROL NUMBER | |
| System control number | (OCoLC)20345568 |
| 040 ## - CATALOGING SOURCE | |
| Original cataloging agency | DLC |
| Transcribing agency | WaU |
| Modifying agency | DLC |
| 042 ## - AUTHENTICATION CODE | |
| Authentication code | premarc |
| 050 00 - LIBRARY OF CONGRESS CALL NUMBER | |
| Classification number | PK2098.J26 |
| Item number | A15 |
| 100 0# - MAIN ENTRY--PERSONAL NAME | |
| Personal name | Jainendra Kumāra, |
| Dates associated with a name | 1905-1988. |
| 245 10 - TITLE STATEMENT | |
| Title | Jainendra kī kahāniyām̐. |
| 260 ## - PUBLICATION, DISTRIBUTION, ETC. | |
| Date of publication, distribution, etc. | [1959-66; v. 1, 1962] |
| 300 ## - PHYSICAL DESCRIPTION | |
| Extent | 10 v. |
| Dimensions | 19 cm. |
| 500 ## - GENERAL NOTE | |
| General note | In Hindi. |
No items available.